Statistics for US States with the Highest % of Native Americans

Click here to take the quiz!

General Stats

  • This quiz has been taken 46 times
  • The average score is 13 of 15

Answer Stats

%State% Correct
6.3%Arizona
95%
7.2%North Dakota
95%
11.2%South Dakota
95%
4.1%Washington
95%
3.6%Idaho
93%
3.8%Kansas
93%
12.5%New Mexico
93%
4.8%Wyoming
93%
21.9%Alaska
91%
9.3%Montana
91%
16.0%Oklahoma
88%
4.4%Oregon
88%
3.6%Colorado
86%
3.6%California
81%
3.8%Arkansas
65%

Score Distribution

Percentile by Number Answered

Percent of People with Each Score

Your Score History

You have not taken this quiz